000 01170nam a2200301Ia 4500
001 ebr10141362
003 CaPaEBR
006 m u
007 cr cn|||||||||
008 880712s1987 onc s 000 0 eng d
010 _z 88160171
020 _z0889201544
040 _aCaPaEBR
_cCaPaEBR
035 _a(OCoLC)244765387
050 1 4 _aBL85
_b.M64 1987eb
245 0 0 _aModernity and religion
_h[electronic resource] /
_cedited by William Nicholls.
260 _aWaterloo, Ont., Canada :
_bPublished for the Canadian Corp. for Studies in Religion by W. Laurier University Press,
_c1987.
300 _a191 p.
490 1 _aSR supplements ;
_vvol. 19
533 _aElectronic reproduction.
_bPalo Alto, Calif. :
_cebrary,
_d2009.
_nAvailable via World Wide Web.
_nAccess may be limited to ebrary affiliated libraries.
650 0 _aReligion.
650 0 _aReligious thought.
655 7 _aElectronic books.
_2local
700 1 _aNicholls, William.
710 2 _aebrary, Inc.
830 0 _aSR supplements ;
_v19.
856 4 0 _uhttp://site.ebrary.com/lib/rucke/Doc?id=10141362
_zAn electronic book accessible through the World Wide Web; click to view
999 _c186358
_d186358